00563nam a22001817a 450000500170000001000150001702000270003203500140005903700130007308200100008610000190009624500880011525000120020326000380021527000620025330000270031550000390034220180905143338.0 aENG-124110 a9788178243979c1095.00 aEN-107642 bDBAD/PUB a954.0 aThapar, Romila aThe past before us:cby Romila Thaparbhistorical traditions of early north india / a3rd ed. aRanikhet bPermanent Black c2016 aHimalayana, Mall Road, Ranikhet Cantt. bRanikhete263645v axvii,758p. c21cm(pbk) aIt includes bibliography and index